Responses for Show #5993 - Wednesday, October 6, 2010

Contestants

[<< previous game]

Peter Landesman, a marketing director from West Chester, Ohio

Kelly Moore, an attorney originally from Orlando, Florida

Don Meals, an environmental scientist from Burlington, Vermont (whose 2-day cash winnings total $21,398)

[next game >>]

Jeopardy! Round responses

HISTORIC BATTLES
THE BRADY BUNCH IN TODAY'S WORKFORCE
ALL HAIL
(Alex: But from which state do they hail?)
THE MAIN ORGAN AFFECTED
GAME TIME
WE GET LETTERS
    $200 8
the Incan Empire

Kelly
    $200 21
Ben & Jerry's

Kelly
    $200 6
California

Kelly
    $200 1
skin

Don
    $200 7
(Kelly: What is a crossword puzzle?)

Scrabble

KellyPeter
    $200 19
X

Don
    $400 13
the Battle of Bunker Hill

Don
    $400 22
speech therapist

Don
    $400 17
(Kelly: What is New York?)

New Jersey

KellyPeter
    $400 2
the eyes

Don
    $400 9
Operation

Don
    $400 20
the A-Team

Kelly
    $600 14
the Little Big Horn

Don
    $600 26
a butcher

Kelly
    $600 18
Maine

Don
    $600 3
the heart

Don
    $600 10
Life

Kelly
    $600 23
the M-class

Triple Stumper
    $800 15
the Battle of Hastings

Don
    $800 27
Bravo

Triple Stumper
    $800 29
Louisiana

Don
    $800 4
the kidneys

Don
    $800 11
(Alex: I usually
precede it with "Ooh." "Ooh, [*],"
but in this case, good.)

Sorry!

Kelly
    $800 24
the E! Network

Kelly
    $1000 16
Vienna, Austria

Peter
    $1000 28
rhinoplasty

Kelly
    $1000 30
Indiana

Kelly
    $2,000 5
the lungs

Don
    $1000 12
(Kelly: What is Cherry?)

Cherry-O

KellyPeter
    $1000 25
C

Kelly

Scores at the first commercial break (after clue 15):

Don Kelly Peter
$6,200 $600 $1,200

Scores at the end of the Jeopardy! Round:

Don Kelly Peter
$8,200 $5,200 $2,600

Double Jeopardy! Round responses

CURSING IN THE BIBLE
PRINCE SONGS A LA TREBEK
WANT TO RACE?
YOU'VE GOT SHE MAIL
FROM THE HALLS OF MANITOBA
THE SHORES OF TRIPLE "E"
(Alex: Each correct response will have 3 "E"s in it.)
    $400 22
St. Paul

Triple Stumper
    $400 4
"1999"

Triple Stumper
    $400 15
(Peter: What's a clutch?)

an accelerator

DonPeter
    $400 17
Elizabeth Barrett Browning

Peter
    $400 1
prairie

Don
    $400 2
Mount Everest

Peter
    $800 27
Job

Don
    $800 5
"When Doves Cry"

Kelly
    $800 16
the chassis

Kelly
    $800 21
Victoria

Kelly
    $800 3
polar bears

Kelly
    $800 8
11

Don
    $1200 28
Peter

Kelly
    $1200 6
"Raspberry Beret"

Kelly
    $1200 18
the apex

Don
    $1200 24
Emily Dickinson

Triple Stumper
    $1200 12
Winnipeg

Peter
    $1200 9
elements

Don
    $1,200 29
(Kelly: Who is Sheba?)
...
[End-of-round signal sounds.]

Jezebel

Kelly
    $1600 7
"Purple Rain"

Triple Stumper
    $1600 19
a supercharger

Don
    $1,000 25
(Alex: Yes, that's it with less than a minute now.)

Abigail Adams

Kelly
    $1600 13
St. George

Peter
    $1600 10
an épée

Don
    $2000 23
(Extra time and) "Kiss"

Kelly
    $2000 20
the Unsers

Peter
    $2000 26
Mary Shelley

Triple Stumper
    $2000 14
(Don: What is "glory and freedom"?)
(Kelly: What is "glory and liberty"?)

"glorious and free"

DonKellyPeter
    $2000 11
embedded

Don

Scores at the end of the Double Jeopardy! Round:

Don Kelly Peter
$16,200 $10,600 $9,800

[wagering suggestions for these scores]

Final Jeopardy! Round responses

2010 SCIENCE NEWS
PeterWho is Keppler?
$9,800
KellyWho is Galileo?
$8,600
DonWho was Copernicus?
$5,001
Copernicus

Final scores:

Don Kelly Peter
$21,201 $2,000 $0
3-day champion: $42,599 2nd place: $2,000 3rd place: $1,000

Game dynamics:

Coryat scores:

Don Kelly Peter
$15,200 $12,400 $9,800
22 R
(including 1 DD),
1 W
19 R
(including 1 DD),
5 W
(including 1 DD)
10 R,
1 W

Combined Coryat: $37,400

[game clues] [game scores] [suggest correction]

Game tape date: 2010-08-04
The J! Archive is created by fans, for fans. Scraping, republication, monetization, and malicious use prohibited; this site may use cookies and collect identifying information. See terms. The Jeopardy! game show and all elements thereof, including but not limited to copyright and trademark thereto, are the property of Jeopardy Productions, Inc. and are protected under law. This website is not affiliated with, sponsored by, or operated by Jeopardy Productions, Inc. Join the discussion at JBoard.tv.